Jak rozvíjet technickou tvořivost

Na minha lista:
Detalhes bibliográficos
Autor principal: Vimmer, Miloslav
Formato: Livro
Idioma:tcheco
Publicado em: Praha Práce 1990
Edição:1. vyd.
Assuntos:
Tags: Adicionar Tag
Sem tags, seja o primeiro a adicionar uma tag!

MARC

LEADER 00000nam a2200000 4500
001 c005054
005 20221206122517.0
020 |a 80-208-0032-8 
041 0 |a cze 
044 |a CZ 
245 1 0 |a Jak rozvíjet technickou tvořivost  |c Miloslav Vimmer 
250 |a 1. vyd. 
264 1 |a Praha  |b Práce  |c 1990 
300 |a 235 s. 
610 2 0 |a práca tvorivá 
610 2 0 |a revolúcia vedeckotechnická 
610 2 0 |a iniciatíva pracovná 
610 2 0 |a vynálezy 
610 2 0 |a kvalifikácia 
610 2 0 |a KRB 
610 2 0 |a organizácia 
100 1 |a Vimmer, Miloslav